000 00354cam a22001217a 4500
008 180718b1989 xxu||||| |||| 00| 0 eng d
082 _aZ3x5434 Q62
100 _aQureshi, Salahuddin
245 _aRegional perspective on dry farming
_cby Salahuddin Qureshi
260 _aJaipur
_bRawat
_c1989
300 _a219p.
650 _aDry farming - India - Rajasthan
999 _c351922
_d351922